LEADER 01189nam a2200265 i 4500 001 000000216474 003 CaOOAMICUS 005 20121023000000.0 008 121023s2012 it u000 u ita u 013 $a195364 020 $a978-88-10-94011-2 040 $aSeMil$bita 245 10$aPerle del Concilio :$bdal tesoro del Vaticano 2. /$ca cura di Marco Vergottini ; introduzione di Carlo Maria Martini e Marco Vergottini. 260 $aBologna :$bEDB,$c2012. 300 $a440 p. ;$c22 cm. 500 $aIn custodia. 650 4$aConcilio Vaticano II <1962-1965> - Meditazioni.$0(OLS)http://semarc/subject/13956 700 1 $aVergottini, Marco,$d <1956- >.$0(OLS)http://semarc/name/3901 700 1 $aMartini, Carlo Maria,$c.$0(OLS)http://semarc/name/89159 850 $aSeMil 852 $aSeMil$W1$xVenegono$y1$m3F IV 259$j166892$B166892$CSeMilBibl$Z2$F179246 $81 961 $aOmaggio: Caspani don Pierpaolo 996 $6020$a978-88-10-94011-2$9(OLS)http://semarc/number/213499 996 $6245$aPerle del Concilio :$bdal tesoro del Vaticano 2.$9(OLS)http://semarc/title/311240 996 $6260$aBologna :$bEDB$9(OLS)http://semarc/publisher/29669 LEADER 01177nam a2200289 i 4500 001 000000125853 003 CaOOAMICUS 005 20051206000000.0 008 051206s1993 it u000 u ita u 013 $a98554 020 $a88-459-0989-1 040 $aSeMil$bita 100 1 $aKalidasa .$0(OLS)http://semarc/name/36550 245 13$aIl riconoscimento di Sakuntala :$b(Abhijnanasakuntala) /$cKalidasa ; a cura di Vincenzina Mazzarino. 260 $aMilano :$bAdelphi,$ccopyr. 1993. 300 $a222 p. ;$c22 cm. 490 0 $aBiblioteca Adelphi ;$v273 500 $aFondo Ciprandi. 700 1 $aMazzarino, Vincenzina.$0(OLS)http://semarc/name/52260 830 0$aBiblioteca Adelphi ;$v273.$0(OLS)http://semarc/title/7073 850 $aSeMil 852 $aSeMil$W1$xVenegono$y1$m1V VI 68$j80254$B80254$CSeMilBibl$Z2$F106618 $81 941 1 $a1 961 $aOmaggio: Ciprandi dott. Paolo 996 $6020$a88-459-0989-1$9(OLS)http://semarc/number/111841 996 $6245$aIl riconoscimento di Sakuntala :$b(Abhijnanasakuntala)$9(OLS)http://semarc/title/185380 996 $6260$aMilano :$bAdelphi$9(OLS)http://semarc/publisher/30018